Teorías normativas de la ciencia y de la dogmática jurídicas
Guardat en:
| Autor principal: | |
|---|---|
| Format: | Llibre |
| Idioma: | espanyol |
| Publicat: |
Lima
Palestra Editores
2017
|
| Edició: | 1a. ed |
| Matèries: | |
| Etiquetes: |
Afegir etiqueta
Sense etiquetes, Sigues el primer a etiquetar aquest registre!
|
MARC
| LEADER | 00000cam a2200000 a 4500 | ||
|---|---|---|---|
| 001 | UCC0902 | ||
| 003 | CL-VaPUC | ||
| 008 | 170908e20170500pe |||||||||||||||||spa|d | ||
| 020 | |a 9786124218767 | ||
| 082 | 0 | 4 | |a 340.1 |b NUÑ |2 21 |
| 100 | |a Núñez Vaquero, Álvaro |e autor |9 594886 | ||
| 245 | 1 | 0 | |a Teorías normativas de la ciencia y de la dogmática jurídicas |
| 250 | |a 1a. ed | ||
| 300 | |a 544 p | ||
| 942 | |c BK | ||
| 945 | |d 20170908 13:53:00 |a arojas | ||
| 260 | |a Lima |b Palestra Editores |c 2017 | ||
| 650 | 0 | |a Filosofía del derecho |9 255050 | |
| 650 | 0 | |a Dogmática jurídica |9 337910 | |
| 583 | |a last modification |c 20170908 13:53:00 |k Rodrigo Vera | ||
| 999 | |c 369555 |d 369553 | ||
| 952 | |0 0 |1 0 |3 erb |4 0 |6 340_100000000000000_NUÑ_2017 |7 0 |8 A |9 485445 |a BIBDER |b BIBDER |i 5422744 |o 340.1 NUÑ 2017 |p 5422744 |r 2023-01-25 |w 2019-11-24 |y BK |z Catalogado en:20170908 |k DER | ||